000 01509namaa22003251i 4500
005 20260422113850.0
008 260422s1995 ua a|||frm||| 000 0 eng d
040 _aEG-GICUC
_beng
_cEG-GICUC
_dEG-GICUC
_erda
041 0 _aeng
_beng
_bara
049 _aDeposit
097 _aM.Sc
099 _aCai01.11.18.M.Sc.1995.Mo.E.
100 0 _aMoustafa Hamed Abo EL Hamid,
_epreparation.
245 1 0 _aEffect Of Aerobic Exercise On Control Of Hyperglycemia In Types II Diabetes Mellitus /
_cBy Moustafa Hamed Abo EL Hamid; Supervised By Prof.Dr. Rawia A. khater, Dr. Amin R. Soliman, Dr. Mohamed Hany Gamal.
246 1 5 _aتأثير التمارين الرياضية الهوائية على التحكم / تنظيم نسبة سكر الدم في داء السكري ظ في مرض البول السكري من النوع الثاني /
264 0 _c1995.
300 _a72 pages :
_billustrations ;
_c30 cm. +
336 _2rda content
_atext
337 _2rdamedia
_aUnmediated
338 _2rdacarrier
_avolume
502 _aThesis (M.Sc.)-Cairo University, 1995.
504 _aBibliography: pages 61-72.
653 0 _aInternal Medicine
700 0 _aRawia A. khater
_eTranslator.
700 0 _aAmin R. Soliman
_ethesis advisor.
700 0 _aMohamed Hany Gamal
_ethesis advisor.
900 _DDepartment of Internal Medicine
_FFaculty of Medicine
_UCairo University
_b1995
_cRawia A. khater
_cAmin R. Soliman
_cMohamed Hany Gamal
905 _aEman El gebaly
942 _2ddc
_cTH
_e21
_n0
999 _c179669